000 00551nam a2200217Ia 4500
003 OSt
005 20220928145648.0
006 a|||||r|||| 00| 0
007 ta
008 220927b |||||||| |||| 00| 0 eng d
024 _a81671
037 _cTextual
040 _aSDCL
_cSDCL
_beng
041 _2eng
_aeng
082 _aX:89Ay7, K4
100 _aDooley Arch R
_9513860
245 0 _aWage administration and worker productivity.
260 _c1964
942 _hX:89Ay7, K4
_cTEXL
_2CC
999 _c834518
_d834518